The Tebtunis Papyri. Vol. IV /

محفوظ في:

مؤلفون آخرون: Keenan, James G., Shelton, John C.

التنسيق: كتاب

اللغة: English
Ancient Greek

منشور في: London : Egypt exploration Society, 1976.

سلاسل: Graeco-Roman memoirs ; no. 65.

الموضوعات:

الوسوم: إضافة وسم

لا توجد وسوم, كن أول من يضع وسما على هذه التسجيلة!

رقم الطلب: PA3315 .T3 1976 v.4

LEADER 00805cam a2200241Ma 4500
001 on1131478175
003 OCoLC
005 20240204104601.0
008 000728s1976 enka 000 0 eng d
041 0 |a eng  |a grc 
050 4 |a PA3315  |b .T3 1976 v.4 
245 0 4 |a The Tebtunis Papyri.  |n Vol. IV /  |c edited with translation and notes by James G. Keenan and John C. Shelton. 
264 1 |a London :  |b Egypt exploration Society,  |c 1976. 
300 |a xix, 674 pages :  |b illustrations ;  |c 27 cm 
336 |a texte  |b txt  |2 rdacontent 
337 |a sans mediation  |b n  |2 rdamedia 
338 |a volume  |b nc  |2 rdacarrier 
490 1 |a Graeco-Roman Memoirs ;  |v no. 65 
651 0 |a Tebtunis (Extinct city) 
700 1 |a Keenan, James G. 
700 1 |a Shelton, John C. 
830 0 |a Graeco-Roman memoirs ;  |v no. 65. 
999 |c 56601  |d 56601